000 00584nam a2200181Ia 4500
003 GCL
008 140319s9999 xx 000 0 ara d
040 _aGCL /
_cGCL
082 0 4 _a813.03
_bو س
100 1 _aوجيه الشربتلى
245 1 0 _aالسقوط من فوق الرصيف: رواية /
_cوجيه الشربتلى
260 _a[S.N] :
_bالهيئة المصرية العامة للكتاب ،
_c1995
300 _a217 ص
490 _aسلسلة الرواية العربية
_v0
650 0 4 _aالادب العربى
650 0 4 _aالقصص
942 _2ddc
_cBK
999 _c33387
_d33387